[Event "4NCL 3 South pool A"]
[Site "Maidenhead, ENG"]
[Date "2020.01.12"]
[Round "4.42"]
[White "Nandi, Robin J"]
[Black "Burrows, Martin P"]
[Result "0-1"]
[WhiteElo "1904"]
[BlackElo "2178"]
[PlyCount "34"]
[EventDate "2020.01.12"]
[WhiteTeam "Oxford 3"]
[BlackTeam "The Rookies"]

1. d4 Nf6 2. c4 e6 3. Nf3 b6 4. g3 Ba6 5. b3 Bb4+ 6. Bd2 Be7 7. Bg2 O-O 8. Ne5
d5 9. O-O Bb7 10. Nc3 Nbd7 11. Bf4 Re8 12. Nb5 c6 13. cxd5 Nxe5 14. Bxe5 cxb5
15. d6 Bxg2 16. dxe7 Qd5 17. e4 Bxe4 0-1

[Event "4NCL 3 South pool A"]
[Site "Maidenhead, ENG"]
[Date "2020.01.12"]
[Round "4.43"]
[White "Jones, Christopher M"]
[Black "Foster, Cyril"]
[Result "1/2-1/2"]
[WhiteElo "2120"]
[BlackElo "1832"]
[PlyCount "92"]
[EventDate "2020.01.12"]
[WhiteTeam "The Rookies"]
[BlackTeam "Oxford 3"]

1. e4 c6 2. Nc3 d5 3. Nf3 Nf6 4. e5 Ne4 5. d4 Nxc3 6. bxc3 e6 7. Bd3 Be7 8. O-O
O-O 9. c4 b6 10. cxd5 cxd5 11. Qe2 Nc6 12. c3 Bd7 13. Nd2 Qc7 14. f4 f6 15. Qh5
f5 16. Nf3 Nd8 17. Bd2 Nf7 18. Rac1 b5 19. Ng5 Nxg5 20. fxg5 g6 21. Qe2 a6 22.
h4 Rfc8 23. Rf3 Be8 24. Rh3 Qb6 25. Qf2 Qa5 26. c4 Qxa2 27. c5 a5 28. Qe1 b4
29. Bc2 Qb2 30. Qe3 Rcb8 31. Bd1 a4 32. h5 a3 33. hxg6 Bxg6 34. Rc2 Qxc2 35.
Bxc2 a2 36. Rf3 a1=Q+ 37. Rf1 Qb2 38. Bd3 Ra1 39. Bc1 Qc3 40. Kh2 Bxg5 41. Qxg5
Qxd3 42. Rf3 Qxd4 43. Qf6 Rxc1 44. Qxe6+ Kh8 45. Qf6+ Kg8 46. Qe6+ Kh8 1/2-1/2

[Event "4NCL 3 South pool A"]
[Site "Maidenhead, ENG"]
[Date "2020.01.12"]
[Round "4.44"]
[White "Rudny, Tomasz"]
[Black "Compton, Alistair"]
[Result "0-1"]
[WhiteElo "1907"]
[BlackElo "2027"]
[PlyCount "58"]
[EventDate "2020.01.12"]
[WhiteTeam "Oxford 3"]
[BlackTeam "The Rookies"]

1. e4 e6 2. d4 d5 3. Bd3 dxe4 4. Bxe4 Nf6 5. Bf3 c5 6. Ne2 Be7 7. Nbc3 O-O 8.
O-O Nbd7 9. Be3 Qa5 10. Qd2 Rd8 11. Ne4 Qxd2 12. Nxd2 Nd5 13. Bxd5 exd5 14.
dxc5 Nxc5 15. Nd4 Bf6 16. Rfe1 a6 17. Rad1 Na4 18. Rb1 Bd7 19. N2f3 h6 20. h3
Re8 21. Re2 b5 22. Rd2 Rac8 23. g4 h5 24. gxh5 Bxh3 25. Ne1 Re4 26. c3 Nb6 27.
Nf5 Bxf5 28. Bxb6 Rg4+ 29. Kf1 Bxb1 0-1

[Event "4NCL 3 South pool A"]
[Site "Maidenhead, ENG"]
[Date "2020.01.12"]
[Round "4.45"]
[White "Jaszkiwskyj, Peter"]
[Black "Cole, Graham"]
[Result "1-0"]
[WhiteElo "1925"]
[BlackElo "1817"]
[PlyCount "89"]
[EventDate "2020.01.12"]
[WhiteTeam "The Rookies"]
[BlackTeam "Oxford 3"]

1. d4 Nf6 2. c4 g6 3. Nf3 Bg7 4. Nc3 O-O 5. Bf4 d6 6. e3 Nbd7 7. Be2 Re8 8. h3
c6 9. O-O b6 10. Qa4 Bb7 11. Rfd1 a6 12. Qc2 b5 13. c5 d5 14. b4 Nh5 15. Bh2 e5
16. dxe5 Nxe5 17. Nxe5 Bxe5 18. Bxh5 Bxh2+ 19. Kxh2 gxh5 20. Qf5 Qc7+ 21. Kh1
Qe5 22. Qxe5 Rxe5 23. a4 Ree8 24. Kh2 a5 25. axb5 axb4 26. Nxd5 cxd5 27. c6
Rxa1 28. Rxa1 Bxc6 29. bxc6 Rc8 30. Rb1 Rxc6 31. Rxb4 Kg7 32. Rd4 Rf6 33. Kg1
Rf5 34. f4 h4 35. Kf2 Kf6 36. Ra4 Kg6 37. Ke2 Rf6 38. Rd4 Rf5 39. Kd3 Kf6 40.
Ra4 h5 41. Ra6+ Kg7 42. Kd4 Kh7 43. Rd6 Kg7 44. Rxd5 Rf6 45. Rxh5 1-0

[Event "4NCL 3 South pool A"]
[Site "Maidenhead, ENG"]
[Date "2020.01.12"]
[Round "4.46"]
[White "Neatherway, A Philip"]
[Black "Gibson, Christopher A"]
[Result "1-0"]
[WhiteElo "1822"]
[BlackElo "1867"]
[PlyCount "49"]
[EventDate "2020.01.12"]
[WhiteTeam "Oxford 3"]
[BlackTeam "The Rookies"]

1. e4 e5 2. Nf3 Nc6 3. Nc3 Bc5 4. Nxe5 Bxf2+ 5. Kxf2 Nxe5 6. d4 Nc6 7. Be3 d6
8. Be2 Nf6 9. Rf1 O-O 10. Kg1 Nxe4 11. Nxe4 Qe7 12. Bd3 d5 13. Nf6+ gxf6 14.
Bxh7+ Kxh7 15. Qh5+ Kg8 16. Rf3 Qe4 17. Rg3+ Qg6 18. Rxg6+ fxg6 19. Qxg6+ Kh8
20. Bh6 Rg8 21. Qxf6+ Kh7 22. Qf7+ Kh8 23. Qf6+ Kh7 24. Bf8 Rg6 25. Qf7+ 1-0

[Event "4NCL 3 South pool A"]
[Site "Maidenhead, ENG"]
[Date "2020.02.08"]
[Round "5.11"]
[White "Wilson, Jaimie"]
[Black "Byron, Alan M"]
[Result "1/2-1/2"]
[WhiteElo "2112"]
[BlackElo "2208"]
[PlyCount "58"]
[EventDate "2020.02.08"]
[WhiteTeam "Wessex A"]
[BlackTeam "The Rookies"]

1. e4 c6 2. d4 d5 3. exd5 cxd5 4. Bd3 Nc6 5. c3 Nf6 6. Bf4 g6 7. Nd2 Bg7 8.
Ngf3 O-O 9. O-O Ne8 10. Re1 Nd6 11. Qb3 e6 12. a4 Re8 13. Ne5 Nxe5 14. Bxe5 Re7
15. a5 Rd7 16. Qc2 Qf8 17. Nf3 Rd8 18. h4 Bd7 19. h5 Be8 20. hxg6 hxg6 21. Ng5
Qe7 22. Bxg7 Kxg7 23. Qd2 Qf6 24. Re5 Bd7 25. Rae1 Rh8 26. R1e3 Rh5 27. Nh3
Rah8 28. Rxh5 Rxh5 29. Rf3 Qh4 1/2-1/2

[Event "4NCL 3 South pool A"]
[Site "Maidenhead, ENG"]
[Date "2020.02.08"]
[Round "5.12"]
[White "Burrows, Martin P"]
[Black "Lukosius, Rolandas"]
[Result "1/2-1/2"]
[WhiteElo "2178"]
[BlackElo "2114"]
[PlyCount "59"]
[EventDate "2020.02.08"]
[WhiteTeam "The Rookies"]
[BlackTeam "Wessex A"]

1. e4 c5 2. Nf3 Nc6 3. d4 cxd4 4. Nxd4 Nf6 5. Nc3 e5 6. Ndb5 d6 7. Bg5 a6 8.
Na3 b5 9. Nd5 Be7 10. Bxf6 Bxf6 11. c4 b4 12. Nc2 Rb8 13. b3 Bg5 14. g3 O-O 15.
Bg2 f5 16. exf5 Bxf5 17. Nce3 Be6 18. O-O Nd4 19. Nc2 Bxd5 20. Bxd5+ Kh8 21.
Nxd4 exd4 22. Qd3 Qd7 23. Rae1 Bf6 24. Be4 g6 25. f4 a5 26. f5 g5 27. Bd5 Be5
28. Be6 Qg7 29. Kg2 h5 30. Qd1 1/2-1/2

[Event "4NCL 3 South pool A"]
[Site "Maidenhead, ENG"]
[Date "2020.02.08"]
[Round "5.13"]
[White "McDougall, William"]
[Black "Jones, Christopher M"]
[Result "0-1"]
[WhiteElo "2085"]
[BlackElo "2120"]
[PlyCount "60"]
[EventDate "2020.02.08"]
[WhiteTeam "Wessex A"]
[BlackTeam "The Rookies"]

1. d4 d5 2. c4 e5 3. dxe5 d4 4. Nf3 Nc6 5. a3 Nge7 6. b4 Ng6 7. Bb2 a5 8. b5
Ncxe5 9. Nxe5 Nxe5 10. e3 Be6 11. Bxd4 Nxc4 12. Qc2 Nd6 13. Bd3 Qg5 14. f4 Qh4+
15. g3 Qh3 16. Kf2 Rd8 17. Nd2 Nf5 18. Nf3 Nxd4 19. exd4 Bd6 20. Rae1 O-O 21.
Ng5 Qh5 22. Bxh7+ Kh8 23. Be4 Bxa3 24. Bf3 Qh6 25. Qxc7 Rxd4 26. Qc3 Ra4 27.
Re5 Bb4 28. Qc2 Ra2 29. Qxa2 Bxa2 30. Ra1 Bc3 0-1

[Event "4NCL 3 South pool A"]
[Site "Maidenhead, ENG"]
[Date "2020.02.08"]
[Round "5.14"]
[White "Compton, Alistair"]
[Black "Cleary, Mark"]
[Result "1-0"]
[WhiteElo "2027"]
[BlackElo "2063"]
[PlyCount "33"]
[EventDate "2020.02.08"]
[WhiteTeam "The Rookies"]
[BlackTeam "Wessex A"]

1. e4 e5 2. Nf3 Nc6 3. Bb5 a6 4. Ba4 Nf6 5. Qe2 Be7 6. O-O b5 7. Bb3 O-O 8. a4
b4 9. a5 d5 10. exd5 Nxd5 11. Qc4 Nxa5 12. Rxa5 c6 13. Qxc6 Qxa5 14. Qxa8 Be6
15. Qb7 Bd6 16. d3 Qc5 17. Ng5 1-0

[Event "4NCL 3 South pool A"]
[Site "Maidenhead, ENG"]
[Date "2020.02.08"]
[Round "5.15"]
[White "Tunks, Dominic R"]
[Black "Jaszkiwskyj, Peter"]
[Result "1/2-1/2"]
[WhiteElo "2058"]
[BlackElo "1925"]
[PlyCount "31"]
[EventDate "2020.02.08"]
[WhiteTeam "Wessex A"]
[BlackTeam "The Rookies"]

1. e4 e6 2. Nf3 d5 3. Nc3 Nf6 4. e5 Nfd7 5. d4 c5 6. dxc5 Bxc5 7. Bd3 Nc6 8.
Bf4 a6 9. O-O f6 10. exf6 Nxf6 11. Ne5 O-O 12. Qe2 Bd4 13. Rad1 Bxc3 14. bxc3
Ne4 15. Nxc6 bxc6 16. Be5 1/2-1/2

[Event "4NCL 3 South pool A"]
[Site "Maidenhead, ENG"]
[Date "2020.02.08"]
[Round "5.16"]
[White "Gibson, Christopher A"]
[Black "Mcleod, Fraser"]
[Result "1/2-1/2"]
[WhiteElo "1867"]
[BlackElo "2025"]
[PlyCount "37"]
[EventDate "2020.02.08"]
[WhiteTeam "The Rookies"]
[BlackTeam "Wessex A"]

1. e4 c5 2. c3 Nf6 3. e5 Nd5 4. d4 cxd4 5. cxd4 e6 6. Nf3 d6 7. Bc4 Nb6 8. Bd3
Nc6 9. Nc3 dxe5 10. dxe5 Nb4 11. Be4 Qxd1+ 12. Kxd1 Bc5 13. Ke2 N6d5 14. Nxd5
exd5 15. Bb1 O-O 16. Rd1 Be6 17. a3 Nc6 18. Ba2 Rad8 19. b4 1/2-1/2

[Event "4NCL 3 South pool A"]
[Site "Maidenhead, ENG"]
[Date "2020.02.08"]
[Round "5.21"]
[White "Harley, Andrew D"]
[Black "Brown, Thomas"]
[Result "1/2-1/2"]
[WhiteElo "2184"]
[BlackElo "2116"]
[PlyCount "41"]
[EventDate "2020.02.08"]
[WhiteTeam "Poisoned Pawns 1"]
[BlackTeam "Rhyfelwyr Essyllwg"]

1. e4 g6 2. d4 Bg7 3. Nc3 c6 4. Nf3 d6 5. Be2 Nf6 6. O-O O-O 7. Re1 Nbd7 8. Bf4
Qa5 9. Qd2 e5 10. dxe5 dxe5 11. Bg5 Re8 12. a3 Nf8 13. Rad1 Bg4 14. h3 Bxf3 15.
Bxf3 Ne6 16. Bxf6 Bxf6 17. Nd5 Qd8 18. Nxf6+ Qxf6 19. c3 Red8 20. Qe3 b6 21.
Be2 1/2-1/2

[Event "4NCL 3 South pool A"]
[Site "Maidenhead, ENG"]
[Date "2020.02.08"]
[Round "5.22"]
[White "Hewitt, William"]
[Black "Davison, Chris"]
[Result "0-1"]
[WhiteElo "2002"]
[BlackElo "2053"]
[PlyCount "72"]
[EventDate "2020.02.08"]
[WhiteTeam "Rhyfelwyr Essyllwg"]
[BlackTeam "Poisoned Pawns 1"]

1. e4 e5 2. Nf3 Nc6 3. Nc3 Nf6 4. d4 exd4 5. Nxd4 Bb4 6. Nxc6 bxc6 7. Bd3 d5 8.
exd5 cxd5 9. O-O O-O 10. h3 c6 11. Qf3 Re8 12. Bf4 h6 13. Rad1 Bd6 14. Rfe1 Be6
15. Na4 c5 16. b3 Bxf4 17. Qxf4 Qa5 18. Qd2 Qc7 19. c3 Red8 20. Bb1 Qa5 21. Qe3
Rac8 22. Rc1 d4 23. cxd4 cxd4 24. Qe2 Rxc1 25. Rxc1 Qg5 26. Rc5 Bd5 27. g3 Re8
28. Qd1 Qh5 29. Qf1 Qf3 30. Rxd5 Nxd5 31. Bd3 Nc3 32. Nc5 Nxa2 33. Bc4 Nc3 34.
h4 Qd1 35. Qxd1 Nxd1 36. Kf1 Nb2 0-1

[Event "4NCL 3 South pool A"]
[Site "Maidenhead, ENG"]
[Date "2020.02.08"]
[Round "5.23"]
[White "Byway, Paul V"]
[Black "Ralphs, Nigel"]
[Result "1/2-1/2"]
[WhiteElo "2038"]
[BlackElo "1974"]
[PlyCount "80"]
[EventDate "2020.02.08"]
[WhiteTeam "Poisoned Pawns 1"]
[BlackTeam "Rhyfelwyr Essyllwg"]

1. Nf3 d5 2. e3 Nf6 3. c4 c6 4. d4 Bf5 5. Bd3 Bxd3 6. Qxd3 e6 7. O-O Nbd7 8.
Nc3 Bb4 9. cxd5 exd5 10. a3 Bd6 11. e4 dxe4 12. Nxe4 Be7 13. Bf4 Nxe4 14. Qxe4
O-O 15. Rad1 Nf6 16. Qc2 Nd5 17. Be5 f6 18. Bg3 Bd6 19. Rfe1 Bxg3 20. hxg3 Re8
21. Rxe8+ Qxe8 22. Re1 Qf7 23. Qc5 a6 24. Qc2 Re8 25. Re2 Rxe2 26. Qxe2 Qe7 27.
Kf1 Kf7 28. Nd2 Qxe2+ 29. Kxe2 Ke6 30. Ne4 b6 31. Kd3 h5 32. Kd2 a5 33. Ke2 a4
34. Kd2 b5 35. Nc5+ Kd6 36. f3 Nb6 37. Kc3 Nd5+ 38. Kd2 Nb6 39. Kc3 Nd5+ 40.
Kd2 Nb6 1/2-1/2

[Event "4NCL 3 South pool A"]
[Site "Maidenhead, ENG"]
[Date "2020.02.08"]
[Round "5.24"]
[White "Trevelyan, John"]
[Black "Finn, Peter"]
[Result "0-1"]
[WhiteElo "1999"]
[BlackElo "2072"]
[PlyCount "74"]
[EventDate "2020.02.08"]
[WhiteTeam "Rhyfelwyr Essyllwg"]
[BlackTeam "Poisoned Pawns 1"]

1. d4 Nf6 2. c4 e6 3. Nf3 Bb4+ 4. Bd2 a5 5. e3 Nc6 6. Nc3 d6 7. a3 Bxc3 8. Bxc3
Ne4 9. Bd3 Nxc3 10. bxc3 O-O 11. Qc2 h6 12. O-O-O Qe7 13. d5 exd5 14. cxd5 Ne5
15. Nd4 Nxd3+ 16. Qxd3 Bd7 17. Rhe1 c5 18. Nf3 b5 19. e4 f6 20. Re3 c4 21. Qd4
b4 22. axb4 axb4 23. Kd2 Rfb8 24. Ke1 Ba4 25. Rd2 bxc3 26. Rxc3 Rb1+ 27. Ke2
Bb3 28. Nh4 Raa1 29. Nf5 Re1+ 30. Kf3 Qe8 31. Ng3 Bd1+ 32. Rxd1 Raxd1 33. Qxc4
Kh7 34. Rb3 Rc1 35. Qd3 Qe5 36. Nf5 Rcd1 37. Qa6 Qxe4+ 0-1

[Event "4NCL 3 South pool A"]
[Site "Maidenhead, ENG"]
[Date "2020.02.08"]
[Round "5.25"]
[White "Rosen, Daniel B"]
[Black "Van Kemenade, Rudy"]
[Result "0-1"]
[WhiteElo "1989"]
[BlackElo "1883"]
[PlyCount "68"]
[EventDate "2020.02.08"]
[WhiteTeam "Poisoned Pawns 1"]
[BlackTeam "Rhyfelwyr Essyllwg"]

1. e4 e5 2. Nf3 Nf6 3. Nxe5 d6 4. Nf3 Nxe4 5. Nc3 d5 6. d3 Nxc3 7. bxc3 c5 8.
Be2 Nc6 9. O-O Bd6 10. Bg5 f6 11. Bh4 O-O 12. Bg3 Bxg3 13. hxg3 d4 14. cxd4
cxd4 15. Nd2 Be6 16. Bf3 Bd5 17. Nb3 b6 18. Rc1 Rc8 19. c4 dxc3 20. Rxc3 Bxf3
21. gxf3 Qd5 22. d4 Rfd8 23. Kg2 Nb4 24. Rxc8 Rxc8 25. a3 Nc2 26. Qd3 Nxa3 27.
Re1 Nb5 28. Qe3 h6 29. Rd1 Rc3 30. Qe8+ Kh7 31. Nd2 Nxd4 32. Ne4 Rc7 33. Qf8 f5
34. Qb8 Rd7 0-1

[Event "4NCL 3 South pool A"]
[Site "Maidenhead, ENG"]
[Date "2020.02.08"]
[Round "5.26"]
[White "Jones, Derek"]
[Black "Kemp, Paul R"]
[Result "1/2-1/2"]
[WhiteElo "1963"]
[BlackElo "2021"]
[PlyCount "56"]
[EventDate "2020.02.08"]
[WhiteTeam "Rhyfelwyr Essyllwg"]
[BlackTeam "Poisoned Pawns 1"]

1. c4 e5 2. Nc3 Nf6 3. Nf3 Nc6 4. e3 d6 5. d4 Bg4 6. Be2 Be7 7. d5 Nb8 8. e4
O-O 9. O-O Nbd7 10. Be3 Nh5 11. Nd2 Bxe2 12. Qxe2 g6 13. g3 Qe8 14. Nb5 Qc8 15.
b4 a6 16. Nc3 Qe8 17. Nb3 f5 18. f3 b6 19. a4 a5 20. bxa5 bxa5 21. Nb5 Qc8 22.
Kg2 c6 23. dxc6 Qxc6 24. Nc3 fxe4 25. Nxe4 Nhf6 26. Nxf6+ Bxf6 27. Ra2 Rfc8 28.
Rc1 Be7 1/2-1/2

[Event "4NCL 3 South pool A"]
[Site "Maidenhead, ENG"]
[Date "2020.02.08"]
[Round "5.31"]
[White "Dos Santos Oliveira, Sancho"]
[Black "Rudny, Tomasz"]
[Result "1-0"]
[WhiteElo "2260"]
[BlackElo "1952"]
[PlyCount "86"]
[EventDate "2020.02.08"]
[WhiteTeam "CSC 1"]
[BlackTeam "Oxford 3"]

1. e4 e5 2. Nf3 Nc6 3. Bb5 a6 4. Ba4 Nf6 5. O-O Be7 6. Re1 b5 7. Bb3 O-O 8. h3
d6 9. c3 Nb8 10. d4 Nbd7 11. Nbd2 Bb7 12. Bc2 Re8 13. Nf1 Bf8 14. Ng3 g6 15. a4
c5 16. d5 c4 17. Bg5 h6 18. Be3 Nc5 19. Qd2 Kh7 20. Ra3 Qd7 21. Rea1 Qc7 22.
Nh2 Nfxe4 23. Nxe4 Nxe4 24. Bxe4 f5 25. axb5 fxe4 26. bxa6 Bc8 27. Nf1 Qb8 28.
Qe2 Bd7 29. R1a2 Qc8 30. Nd2 Bb5 31. Nxe4 Be7 32. a7 Qf5 33. f3 Qf7 34. Qd2 g5
35. Ra5 Bd7 36. Qe2 Rf8 37. Qxc4 Bxh3 38. Nf2 Bxg2 39. Qe4+ Kg7 40. Kxg2 Qh5
41. Rb5 Rf4 42. Bxf4 gxf4 43. Rb8 Qg5+ 1-0

[Event "4NCL 3 South pool A"]
[Site "Maidenhead, ENG"]
[Date "2020.02.08"]
[Round "5.32"]
[White "Hadi, Justin"]
[Black "Farrand, Tom"]
[Result "0-1"]
[WhiteElo "1976"]
[BlackElo "2153"]
[PlyCount "50"]
[EventDate "2020.02.08"]
[WhiteTeam "Oxford 3"]
[BlackTeam "CSC 1"]

1. b3 e5 2. Bb2 d6 3. e3 Nf6 4. c4 g6 5. d4 exd4 6. exd4 Bg7 7. Nf3 O-O 8. Be2
Bg4 9. O-O Nfd7 10. h3 Bxf3 11. Bxf3 Nc6 12. Na3 Re8 13. Qd2 a6 14. Rfe1 Qh4
15. Nc2 Qf6 16. Bc3 Nf8 17. Re2 Ne6 18. Rae1 Rf8 19. Bxc6 bxc6 20. Ba1 Nf4 21.
Re4 Bh6 22. Qe3 Qg5 23. Qf3 Ne6 24. h4 Qd2 25. Ne3 Qxe1+ 0-1

[Event "4NCL 3 South pool A"]
[Site "Maidenhead, ENG"]
[Date "2020.02.08"]
[Round "5.33"]
[White "Frostick, Clive A"]
[Black "Bush, Ian"]
[Result "1-0"]
[WhiteElo "2091"]
[BlackElo "1870"]
[PlyCount "89"]
[EventDate "2020.02.08"]
[WhiteTeam "CSC 1"]
[BlackTeam "Oxford 3"]

1. e4 d6 2. d4 Nf6 3. Nc3 g6 4. Be3 c6 5. h3 Nbd7 6. f4 e5 7. Nf3 Qe7 8. Bd3
Bg7 9. Qd2 b5 10. a3 a6 11. O-O Bb7 12. Qf2 exd4 13. Bxd4 c5 14. e5 Nd5 15.
exd6 Bxd4 16. Nxd4 Qxd6 17. Rfe1+ Ne7 18. Ndxb5 axb5 19. Bxb5 O-O-O 20. Rad1
Qf6 21. Bxd7+ Rxd7 22. Rxd7 Kxd7 23. Rd1+ Kc8 24. Nb5 Qb6 25. Nd6+ Kc7 26. Nxf7
Rf8 27. Ne5 Bc6 28. Qd2 c4+ 29. Kh2 Qc5 30. Nd7 Bxd7 31. Qxd7+ Kb8 32. Rd6 Qc7
33. Qb5+ Kc8 34. Qa6+ Qb7 35. Qxb7+ Kxb7 36. Rd7+ Kc6 37. Rxe7 Rxf4 38. Kg3 Rd4
39. Kf3 Rd2 40. Re2 Rd7 41. b3 cxb3 42. cxb3 Rb7 43. Re3 Kd5 44. Rd3+ Ke5 45.
b4 1-0

[Event "4NCL 3 South pool A"]
[Site "Maidenhead, ENG"]
[Date "2020.02.08"]
[Round "5.34"]
[White "Cole, Graham"]
[Black "Bayat, Shohreh"]
[Result "1/2-1/2"]
[WhiteElo "1817"]
[BlackElo "2089"]
[PlyCount "51"]
[EventDate "2020.02.08"]
[WhiteTeam "Oxford 3"]
[BlackTeam "CSC 1"]

1. e4 e6 2. d4 d5 3. Nc3 Bb4 4. e5 c5 5. a3 Bxc3+ 6. bxc3 Ne7 7. Qg4 Nf5 8. Bd3
h5 9. Qf4 Qh4 10. Bxf5 Qxf4 11. Bxf4 exf5 12. Ne2 b6 13. c4 Bb7 14. dxc5 bxc5
15. cxd5 Bxd5 16. Nc3 Bc4 17. O-O-O Nd7 18. Rhe1 O-O-O 19. Nd5 Kb7 20. e6 fxe6
21. Rxe6 Nf6 22. Re7+ Rd7 23. Rxd7+ Nxd7 24. Ne3 Be6 25. Rd6 Re8 26. h4 1/2-1/2

[Event "4NCL 3 South pool A"]
[Site "Maidenhead, ENG"]
[Date "2020.02.08"]
[Round "5.35"]
[White "Hasson, Peter"]
[Black "Arora, Tashika"]
[Result "1-0"]
[WhiteElo "2095"]
[BlackElo "1787"]
[PlyCount "139"]
[EventDate "2020.02.08"]
[WhiteTeam "CSC 1"]
[BlackTeam "Oxford 3"]

1. c4 Nf6 2. Nc3 d5 3. cxd5 Nxd5 4. e4 Nxc3 5. dxc3 Qxd1+ 6. Kxd1 g6 7. Bc4 Bg7
8. Be3 O-O 9. Kc2 Nd7 10. f3 c6 11. a4 b6 12. Ne2 Bb7 13. Rhd1 Ne5 14. Bb3 c5
15. Bd5 Nc6 16. Nf4 e6 17. Bc4 Rfd8 18. Nh3 h6 19. Nf2 Ne5 20. Be2 Nd7 21. a5
Nf6 22. Bb5 a6 23. Be2 b5 24. Bxc5 Bf8 25. Rxd8 Rxd8 26. Bxf8 Kxf8 27. Nd3 Rc8
28. b4 Nd7 29. Rd1 Ke7 30. Bf1 g5 31. Re1 f6 32. g3 h5 33. Bg2 Rh8 34. Re2 g4
35. f4 Rb8 36. Nf2 Rg8 37. Nd1 e5 38. Ne3 Kd8 39. Nf5 Kc7 40. Rd2 Nb8 41. Rd6
exf4 42. gxf4 Nd7 43. Re6 h4 44. Kd3 Rd8 45. Ke3 Rh8 46. Nd6 Ba8 47. Ne8+ Kd8
48. Nxf6 Nxf6 49. Rxf6 Bb7 50. Rg6 Bc8 51. f5 Re8 52. Kf4 Rh8 53. Kxg4 Ke8 54.
e5 Kf7 55. Bd5+ Ke7 56. Rg7+ Kd8 57. Rg8+ Rxg8+ 58. Bxg8 Ke7 59. Bd5 Kf8 60.
Kg5 h3 61. Kf6 Bd7 62. Be6 Be8 63. Bc8 Bc6 64. Bxa6 Be8 65. Bb7 Bd7 66. a6 Kg8
67. a7 Kh7 68. a8=Q Bxf5 69. Qf8 Bd7 70. Qg7# 1-0

[Event "4NCL 3 South pool A"]
[Site "Maidenhead, ENG"]
[Date "2020.02.08"]
[Round "5.36"]
[White "Manawadu, Dilhan"]
[Black "Fegan, Chris"]
[Result "1-0"]
[WhiteElo "1847"]
[BlackElo "2061"]
[PlyCount "75"]
[EventDate "2020.02.08"]
[WhiteTeam "Oxford 3"]
[BlackTeam "CSC 1"]

1. e4 c5 2. Nf3 d6 3. Bc4 Nc6 4. Nc3 Nf6 5. d4 cxd4 6. Nxd4 Qa5 7. Nb3 Qd8 8.
Bg5 a6 9. Bxf6 exf6 10. f4 b5 11. Bxf7+ Kxf7 12. Qd5+ Be6 13. Qxc6 Rc8 14. Qb7+
Rc7 15. Qxa6 b4 16. Nb5 Rxc2 17. N3d4 Rxb2 18. Nxe6 Kxe6 19. Qb7 Qd7 20. Qd5+
Ke7 21. Rc1 Rxa2 22. Qxa2 Qxb5 23. f5 Qb7 24. Qe6+ Kd8 25. O-O Qd7 26. Qd5 g6
27. Ra1 Bg7 28. Ra6 Ke7 29. Rfa1 Rc8 30. Qd4 Kf8 31. Rxd6 Qc7 32. Qxb4 Qc5+ 33.
Qxc5 Rxc5 34. Ra7 Rc8 35. Rdd7 Bh6 36. Rxh7 Be3+ 37. Kf1 Bxa7 38. Rh8+ 1-0

[Event "4NCL 3 South pool A"]
[Site "Maidenhead, ENG"]
[Date "2020.02.08"]
[Round "5.41"]
[White "Mateu Guiu, Esteve"]
[Black "Scott, David A"]
[Result "1-0"]
[WhiteElo "2162"]
[BlackElo "2140"]
[PlyCount "115"]
[EventDate "2020.02.08"]
[WhiteTeam "Ashfield 1"]
[BlackTeam "Surbiton"]

1. e4 e6 2. Nf3 d5 3. Nc3 d4 4. Ne2 c5 5. c3 Nf6 6. cxd4 Nxe4 7. dxc5 Nxc5 8.
d4 Qa5+ 9. Nc3 Ne4 10. Qd3 Bb4 11. Qxe4 Bxc3+ 12. Nd2 Bb4 13. Bd3 Nd7 14. a3
Nf6 15. Qh4 Bd7 16. Rb1 Bd6 17. O-O Qh5 18. Qxh5 Nxh5 19. Nc4 Bf4 20. Ne5 Rd8
21. g3 Bxc1 22. Rbxc1 O-O 23. Rc7 Bc8 24. Rfc1 Nf6 25. Nxf7 Rxd4 26. Ne5 Nd7
27. Rxc8 Nxe5 28. Bxh7+ Kf7 29. R1c7+ Rd7 30. Rxf8+ Kxf8 31. Rxd7 Nxd7 32. Bd3
e5 33. Kg2 Ke7 34. f4 exf4 35. gxf4 Nc5 36. Bc2 Ne6 37. Kg3 Kf6 38. Be4 b6 39.
Kf3 Nc5 40. Bc2 a5 41. Ke3 Ke6 42. Kd4 Na6 43. Kc4 Nc7 44. Be4 Kd6 45. Kd4 Ne6+
46. Ke3 Nc7 47. h4 Ke6 48. Bc6 Kd6 49. Bf3 Ke6 50. Ke4 Nd5 51. Bg4+ Kd6 52. Be2
Ne7 53. Bc4 Kc5 54. Bf7 Kd6 55. h5 Nc6 56. Kf5 Ne7+ 57. Kg5 Kc5 58. f5 1-0

[Event "4NCL 3 South pool A"]
[Site "Maidenhead, ENG"]
[Date "2020.02.08"]
[Round "5.42"]
[White "Seymour, Timothy P"]
[Black "Walker, Andrew N"]
[Result "1-0"]
[WhiteElo "2104"]
[BlackElo "1937"]
[PlyCount "113"]
[EventDate "2020.02.08"]
[WhiteTeam "Surbiton"]
[BlackTeam "Ashfield 1"]

1. Nf3 f5 2. c4 Nf6 3. e3 e6 4. b3 Be7 5. Be2 O-O 6. O-O b6 7. Bb2 Bb7 8. d4
Ne4 9. Nfd2 Bf6 10. Nxe4 fxe4 11. Nc3 Qe8 12. Qc2 Qg6 13. Rad1 Na6 14. a3 Rf7
15. b4 Raf8 16. Rd2 Bh4 17. Bd1 Bg5 18. Re2 Qh6 19. Bc1 d5 20. b5 Nb8 21. a4
Nd7 22. Ba3 Be7 23. Bxe7 Rxe7 24. Qa2 Nf6 25. Bb3 Rd8 26. a5 Qh5 27. Rc2 Kh8
28. Rfc1 Rdd7 29. cxd5 Nxd5 30. Nxd5 Bxd5 31. axb6 axb6 32. Bxd5 Qxd5 33. Qxd5
exd5 34. Rc6 Kg8 $11 35. Kf1 Kf8 36. Ke2 Ke8 37. R1c3 Rf7 38. f4 Kd8 39. g4 Rf6
40. Rxf6 gxf6 41. Rc6 Ke7 42. Kf2 Kf7 43. Kg3 Kg7 44. h4 h6 45. f5 Rf7 46. Kf4
Re7 47. g5 hxg5+ 48. hxg5 fxg5+ 49. Kxg5 Kf7 50. f6 Rd7 51. Kf5 Kf8 52. Ke6 Ke8
53. Rc1 Rd6+ 54. Ke5 Rd7 55. Rh1 Rf7 56. Ke6 Rf8 57. Ra1 1-0

[Event "4NCL 3 South pool A"]
[Site "Maidenhead, ENG"]
[Date "2020.02.08"]
[Round "5.43"]
[White "Truman, Richard G"]
[Black "Shepherd, Paul D"]
[Result "1/2-1/2"]
[WhiteElo "1990"]
[BlackElo "2110"]
[PlyCount "78"]
[EventDate "2020.02.08"]
[WhiteTeam "Ashfield 1"]
[BlackTeam "Surbiton"]

1. d4 d5 2. c4 e6 3. Nc3 c5 4. cxd5 exd5 5. Nf3 Nc6 6. g3 Nf6 7. Bg2 Be7 8. O-O
O-O 9. Bg5 c4 10. Ne5 Be6 11. Nxc6 bxc6 12. Re1 Rb8 13. Qc2 h6 14. Bf4 Bd6 15.
Bxd6 Qxd6 16. Na4 Nd7 17. Rad1 f5 18. e3 Qb4 19. b3 Rbc8 20. bxc4 dxc4 21. Rb1
Qd6 22. Red1 Bd5 23. Bf1 Qe6 24. Rbc1 c5 25. dxc5 Ne5 26. Rxd5 Qxd5 27. Bxc4
Nxc4 28. Qxc4 Rfd8 29. Kf1 Kf8 30. Qxd5 Rxd5 31. Ke2 Ke8 32. Rb1 Rc7 33. h4 Kd7
34. Rb8 Kc6 35. Re8 Rdd7 36. Rb8 Rb7 37. Rc8+ Rbc7 38. Rb8 Rb7 39. Rc8+ Rbc7
1/2-1/2

[Event "4NCL 3 South pool A"]
[Site "Maidenhead, ENG"]
[Date "2020.02.08"]
[Round "5.44"]
[White "Faulks, Nick"]
[Black "Garnett, John S"]
[Result "0-1"]
[WhiteElo "1900"]
[BlackElo "1982"]
[PlyCount "42"]
[EventDate "2020.02.08"]
[WhiteTeam "Surbiton"]
[BlackTeam "Ashfield 1"]

1. e4 d5 2. exd5 Nf6 3. c4 c6 4. Qa4 Bd7 5. Qb3 cxd5 6. cxd5 Qc7 7. Nc3 e6 8.
Nf3 exd5 9. Nxd5 Nxd5 10. Qxd5 Be6 11. Bb5+ Nc6 12. Bxc6+ bxc6 13. Qe4 Be7 14.
O-O O-O 15. d4 Bd5 16. Qg4 Bf6 17. Be3 Qb7 18. b3 Rfe8 19. Ne5 Re6 20. f4 Bxe5
21. f5 Bxh2+ 0-1

[Event "4NCL 3 South pool A"]
[Site "Maidenhead, ENG"]
[Date "2020.02.08"]
[Round "5.45"]
[White "George, Andrew P"]
[Black "Sheard, Jack"]
[Result "0-1"]
[WhiteElo "1975"]
[BlackElo "1870"]
[PlyCount "64"]
[EventDate "2020.02.08"]
[WhiteTeam "Ashfield 1"]
[BlackTeam "Surbiton"]

1. g3 Nf6 2. Bg2 g6 3. c4 Bg7 4. Nc3 O-O 5. e4 d6 6. d3 c5 7. Nge2 Nc6 8. O-O
Rb8 9. h3 Ne8 10. Kh2 a6 11. a4 Nc7 12. f4 f5 13. Nd5 b5 14. axb5 axb5 15. Nxc7
Qxc7 16. Nc3 Nd4 17. exf5 gxf5 18. Re1 e6 19. Be3 bxc4 20. Ra2 cxd3 21. Qxd3
Qb6 22. Rea1 Nb3 23. Rd1 d5 24. Na4 Qb4 25. Bf2 Bd7 26. Be1 Qb5 27. Qxb5 Bxb5
28. Nc3 Bc4 29. Ra7 Rf7 30. Rxf7 Kxf7 31. Bf2 Nd4 32. Na4 Bb3 0-1